01654nam a22003017a 4500003000900000008004100009040007100050082002500121110005500146245006800201260003200269300002900301440006500330505061800395650002201013650003001035650002001065650001401085650001701099650002601116650002601142700002401168700002401192700003201216700002401248700002501272710005501297AR-CdUCM190425b ||||| |||| 00| 0 spa d aMUNICIPALIDAD PROVINCIAL DEL CUSCOcBIBLIOTECA MUNICIPAL DEL CUSCO aRev.Univ/N°111/1956 aUniversidad Nacional de San Antonio Abad del Cusco aRevista Universitaria :bÓrgano de la Universidad del Cuzco / aCusco :bH.G. Rozas,c1956. a462 páginas. :c20 cm. aRevista UniversitarianAño XLV, 2° semestre 1956, N°111. aContenido: El Inca Garcilaso. Alfredo Yépez Miranda. -- Poetas y escritores. Luis Nieto. -- El descentralísmo y la reforma agraria. -- La Química y el progreso terapéutico. -- Jorge Kuon Cabello. -- La fisonomía económica del Perú. Cesar Augusto Reinaga. -- Contribución peruana a nuestra independencia. Horacio Villanueva Urteaga. -- Maestros de cantería y arquitectos. Emilio Harth Terre. -- Algunos apuntes sobre una función importante sobre la geodesia. Hans Rothgiesser. -- Colección de autores cuzqueños. Narciso Aréstegui. El padre Horán, escenas de la vida del Cuzco. Tomo IV. aNarciso Arestegui aInca Garcilaso de la Vega aReforma agraria aQuímica aArte popular aArquitectura colonial aLiteratura cusqueña aNieto Miranda, Luis aKuon Cabello, Jorge aVillanueva Urteaga, Horacio aHarth Terre, Emilio aAréstegui, Narciso aUniversidad Nacional de San Antonio Abad del Cusco